|
|
|
|
| LEADER |
01510nam a2200385Ia 4500 |
| 001 |
EBC459795 |
| 003 |
MiAaPQ |
| 005 |
20200520144314.0 |
| 006 |
m o d | |
| 007 |
cr cn||||||||| |
| 008 |
090225s2009 dcua sb 000 0 eng d |
| 020 |
|
|
|z 9780821378595
|
| 020 |
|
|
|z 9780821378601
|
| 035 |
|
|
|a (MiAaPQ)EBC459795
|
| 035 |
|
|
|a (Au-PeEL)EBL459795
|
| 035 |
|
|
|a (CaPaEBR)ebr10303334
|
| 035 |
|
|
|a (CaONFJC)MIL319649
|
| 035 |
|
|
|a (OCoLC)609845471
|
| 040 |
|
|
|a MiAaPQ
|c MiAaPQ
|d MiAaPQ
|
| 050 |
|
4 |
|a HD72
|b .G56 2009
|
| 245 |
0 |
0 |
|a Global monitoring report.
|n 2009,
|p A development emergency
|h [electronic resource].
|
| 260 |
|
|
|a Washington, D.C. :
|b International Bank for Reconstruction and Development/The World Bank,
|c 2009.
|
| 300 |
|
|
|a 1 v. (various pagings) :
|b ill.
|
| 490 |
0 |
|
|a Global monitoring report ;
|v 2009
|
| 500 |
|
|
|a Prepared by the World Bank and the IMF.
|
| 504 |
|
|
|a Includes bibliographical references.
|
| 533 |
|
|
|a Electronic reproduction. Ann Arbor, MI : ProQuest, 2015. Available via World Wide Web. Access may be limited to ProQuest affiliated libraries.
|
| 650 |
|
0 |
|a Sustainable development
|z Developing countries
|x International cooperation.
|
| 650 |
|
0 |
|a Economic development.
|
| 650 |
|
0 |
|a International economic relations.
|
| 655 |
|
4 |
|a Electronic books.
|
| 710 |
2 |
|
|a World Bank.
|
| 710 |
2 |
|
|a International Monetary Fund.
|
| 710 |
2 |
|
|a ProQuest (Firm)
|
| 856 |
4 |
0 |
|u https://ebookcentral.proquest.com/lib/matrademy/detail.action?docID=459795
|z Click to View
|